000 01088nam a2200325 i 4500
001 000010728
003 DO-SdBNP
005 20250521150602.0
007 ta
008 091009s2004 dr 000 0 spa d
020 _a999347911X
040 _aDO-SdBNP
_bspa
_cBNPHU
_erda
082 4 _a616.025
_bU75m, 2004
_222
245 0 0 _aUrgencias médicas /
_ceditor, Guarocuya Batista del Villar.
250 _aQuinta edición
264 1 _aSanto Domingo :
_bBúho,
_c2004.
300 _a2 volumenes :
_bilustraciones ;
_c22 cm.
336 _atexto
_btxt
_2rdacontent
337 _asin mediación
_bn
_2rdamedia
338 _avolumen
_bnc
_2rdacarrier
500 _aIncluye referencias bibliográficas y notas al pie de las páginas
590 _aInventariado, 2018/LP
650 4 _aUrgencias médicas
_92343
650 4 _aMedicina de urgencias
_925942
650 4 _aCuidados intensivos (medicina)
_925943
650 4 _aEnfermedades cardiacas
_918206
700 1 _aBatista del Villar, Guarocuya,
_eeditor
_920408
_4ed.
910 _aValidado. Control de calidad BNPHU
942 _2ddc
_cLBS1
999 _c10483
_d10483